Statistics for Google What's the Difference? - Food

Click here to take the quiz!

General Stats

  • This quiz has been taken 35,788 times
  • The average score is 18 of 27

Answer Stats

What's the difference between ... % Correct
Coke and {Pepsi}
94%
Margarine and {Butter}
92%
a Fruit and a {Vegetable}
92%
Jam and {Jelly}
86%
Gelato and {Ice} {Cream}
86%
a Crepe and a {Pancake}
82%
Maize and {Corn}
82%
Prawns and {Shrimp}
80%
Stew and {Soup}
79%
a Cupcake and a {Muffin}
79%
Baking Powder and {Baking} {Soda}
76%
Sashimi and {Sushi}
72%
Mutton and {Lamb}
72%
Bourbon and {Scotch}
71%
a Sweet Potato and a {Yam}
70%
Regular Yogurt and {Greek} {Yogurt}
69%
a Lager and an {Ale}
63%
a Banana and a {Plantain}
59%
Butterscotch and {Caramel}
58%
Apple Juice and {Apple} {Cider}
58%
Teriyaki Sauce and {Soy} {Sauce}
57%
a Spring Roll and an {Egg} {Roll}
55%
a Crawfish and a {Crayfish}
38%
a Rutabaga and a {Turnip}
26%
Bisque and {Chowder}
25%
Corned Beef and {Pastrami}
21%
Lard and {Shortening}
19%

Score Distribution

Percentile by Number Answered

Percent of People with Each Score

Your Score History

You have not taken this quiz